Exotic Fruits - Statistics

General Stats
  • This quiz has been taken 208 times
  • The average score is 7 of 15
Answer Stats
Picture Answer % Correct
Coconut
99%
Dragon fruit
84%
Fig
79%
Durian
73%
Lychee
70%
Banana
68%
Mango
66%
Mangosteen
44%
Guava
40%
Papaya
26%
Dates
23%
Passion fruit
23%
Custard apple
15%
Avacado
11%
Amla
1%
No matching quizzes found
Score Distribution
Percent of People with Each Score
Percentile by Number Answered
Your Score History
You have not taken this quiz